000 00517nam a2200169Ia 4500
008 110201s9999 xx 000 0 und d
082 _bB6350
_aBAL 1628
100 _aमाधव वसंत
245 _aसोन्याचे अंड
260 _bजयहिंद प्रकाशन
365 _b3
600 _aमाधव वसंत
630 _aसोन्याचे अंड
700 _aमाधव वसंत
730 _aसोन्याचे अंड
942 _cBOOK
999 _c832034
_d832031